| 000 | 00549nam a22001817a 4500 | ||
|---|---|---|---|
| 005 | 20250513162655.0 | ||
| 008 | 250513b |||||||| |||| 00| 0 eng d | ||
| 040 | _cDO | ||
| 245 | _aEtna ignites | ||
| 250 | _aFebruary 2002 Vol. 201 No. 2 | ||
| 490 | _aNational Geographic | ||
| 520 | _aWar on Disease, Search for a Cure, Cuba Reefs, Mount Etna Ignites, Salt Lake Valley, Central Asia Unveiled, Elkton, Maryland | ||
| 650 | _xWAR ON DISEASE | ||
| 650 | _xSEARCH FOR A CURE | ||
| 650 | _xCUBA REEFS | ||
| 650 | _xMOUNT ETNA | ||
| 942 |
_2ddc _cCR |
||
| 999 |
_c5511 _d5511 |
||